The sack man / (Record no. 4452)

MARC details
000 -LEADER
fixed length control field 01046nam a22002777a 4500
001 - CONTROL NUMBER
control field 4452
003 - CONTROL NUMBER IDENTIFIER
control field FISKH
005 - DATE AND TIME OF LATEST TRANSACTION
control field 20240910141138.0
008 - FIXED-LENGTH DATA ELEMENTS--GENERAL INFORMATION
fixed length control field 240910b cb ||||| |||| 00| 0 eng d
020 ## - INTERNATIONAL STANDARD BOOK NUMBER
International Standard Book Number 9780140505948
040 ## - CATALOGING SOURCE
Original cataloging agency FISKH
Language of cataloging eng
Transcribing agency FISKH
Modifying agency FISKH
050 ## - LIBRARY OF CONGRESS CALL NUMBER
Classification number PZ7
082 ## - DEWEY DECIMAL CLASSIFICATION NUMBER
Classification number 646
100 ## - MAIN ENTRY--PERSONAL NAME
Personal name Barnett, Gillian
245 ## - TITLE STATEMENT
Title The sack man /
Statement of responsibility, etc. Gillian Barnett ; Illustrated by Lynda Taylor
260 ## - PUBLICATION, DISTRIBUTION, ETC.
Place of publication, distribution, etc. Vitoria :
Name of publisher, distributor, etc. Puffin Books,
Date of publication, distribution, etc. 1986.
300 ## - PHYSICAL DESCRIPTION
Extent 28 unnumbered pages :
Other physical details color illustrations ;
Dimensions 26 cm
505 ## - FORMATTED CONTENTS NOTE
Formatted contents note O<br/>
520 ## - SUMMARY, ETC.
Summary, etc. At first, Jess is scared of the Sack Man. He wears ragged clothes, has a dog that growls, and lives in an upside-down bathtub. Most of all, Jess wonders what he keeps in his sack which he carries with him every day. But slowly, Jess learns not to be afraid - and finds a friend.
521 8# - TARGET AUDIENCE NOTE
Target audience note 600<br/>
Source Lexile estimate <br/><br/>
521 8# - TARGET AUDIENCE NOTE
Target audience note O<br/>
Source Raz-Plus<br/><br/>
650 ## - SUBJECT ADDED ENTRY--TOPICAL TERM
Topical term or geographic name entry element Sack Man
Form subdivision Ragged clothes
700 ## - ADDED ENTRY--PERSONAL NAME
Personal name Taylor, Lynda
Relator term Illustrator
942 ## - ADDED ENTRY ELEMENTS (KOHA)
Source of classification or shelving scheme Dewey Decimal Classification
Koha item type Books
Suppress in OPAC No
Holdings
Withdrawn status Lost status Source of classification or shelving scheme Damaged status Not for loan Collection Home library Current library Shelving location Date acquired Total Checkouts Full call number Barcode Date last seen Price effective from Koha item type
    Dewey Decimal Classification     Juvenile Fiction Footprints International School Library Network Toul Kork Campus Footprints International School Library Network Toul Kork Campus TK Primary Library Room(4th Floor), Bookcase 3&4, Shelves 17-32, Yellow Books 09/10/2024   Bar 646 PZ7 FISBK072026 09/10/2024 09/10/2024 Books